Để dạy tốt văn học Việt Nam lớp 12 Sách bồi dưỡng giáo viên PTTH

সংরক্ষণ করুন:
গ্রন্থ-পঞ্জীর বিবরন
প্রধান লেখক: Nguyễn, Đăng Mạnh
অন্যান্য লেখক: Nguyễn, Văn Long
বিন্যাস: গ্রন্থ
ভাষা:Undetermined
প্রকাশিত: H. Giáo dục 1996
বিষয়গুলি:
অনলাইন ব্যবহার করুন:http://lrc.tdmu.edu.vn/opac/search/detail.asp?aID=2&ID=6419
ট্যাগগুলো: ট্যাগ যুক্ত করুন
কোনো ট্যাগ নেই, প্রথমজন হিসাবে ট্যাগ করুন!
Thư viện lưu trữ: Trung tâm Học liệu Trường Đại học Thủ Dầu Một
LEADER 00748nam a2200217Ia 4500
001 TDMU_6419
008 210410s9999 xx 000 0 und d
082 |a 895.922071 
090 |b NG527 
100 |a Nguyễn, Đăng Mạnh 
245 0 |a Để dạy tốt văn học Việt Nam lớp 12 
245 0 |b Sách bồi dưỡng giáo viên PTTH 
245 0 |c Nguyễn Đăng Mạnh 
260 |a H. 
260 |b Giáo dục 
260 |c 1996 
300 |a 232tr. 
650 |a Văn học Việt Nam; Phương pháp dạy văn học  
700 |a Nguyễn, Văn Long 
856 |u http://lrc.tdmu.edu.vn/opac/search/detail.asp?aID=2&ID=6419 
980 |a Trung tâm Học liệu Trường Đại học Thủ Dầu Một